000 00434nam a2200133Ia 4500
008 250506s9999 xx 000 0 und d
024 _a11B-79-BS, 11B-71-BS & 11B-58-BS
082 _a005.072 RIZ
100 _aRizwan-ul-Haque, Hafiz Maaz Uddin & Abdul Rehman Lakhani
245 0 _aQHRS(Quick Health Response Service)
260 _aKarachi:
_bUIT,
_c2011
600 _aComputer Science
650 _aBachelor of Computer Science (BS)
999 _c28839
_d28839